000
00239nam a2200097Ia 4500
001
640194
005
20250826153442.0
008
250824s9999 xx 000 0 und d
245
0
_a
1 Uzaylı Saldırısı
_c
Max Chase
260
_b
BEYAZ BALİNA
999
_c
640194
_d
640194